000 02358nam a2200253Ia 4500
003 Ost
005 20260507075124.0
008 260507s9999||||xx |||||||||||||| ||und||
040 _cfsecg
041 _aara
082 _a519.2
100 _aالعتوم، شفيق
_eمؤلف
245 0 _aالأساليب الإحصائية /
_c شفيق العتوم
250 _aطبعة 2
260 _aعمان:
_bدار المناهج,
_c2003
300 _a452 صفحة؛
_bإيضاحات ؛
_c24 سم
504 _aمراجع
520 _aعرض بعض الادوات الرياضية مثل نظرية الفئات و التباديل و التوافيق و نظرية ذات الحدين و المصفوفات كما تم تناول نظرية الاحتمالات و تطبيقاتها بالتطرق الى بعض التعاريف و النظريات الأساسية و نظرية بيز و شجرة القرارات و اتخاذ القرارات في ظروف المخاطرة و كذا التطرق الى المتغيرات العشوائية و التوزيعات الاحتمالية بتناول كل من دالة كثافة الاحتمال و دالة الاحتمال التجميعي و العزوم و بعض أدلة وصف التوزيعات التكرارية و الدالة المولدة للعزوم و كذا تناول التوزيعات الاحصائية بالتطرق الى التجارب المتكررة المستقلة و غير المستقلة و التوزيعات المتصلة كما تم تناول توزيعات العينات الكبيرة و الصغيرة بالتطرق الى قانون الاعداد الكبيرة و نظرية النزعة المركزية و التوزيع الطبيعي و توزيعات العينات الصغيرة و كذا التطرق الى التقدير بتناول كل من التقدير بنقطة و التقدير بفترة ثقة و قد تم تناول إختبار الفروض بتناول الاختبارات المعلمية و الاختبارات غير البارامترية و أخيرا تحليل التباين و تحليل التباين في الانحدار.
653 _aالاحتمالات
653 _aالاحصاء
653 _aالمصفوفات
700 _aالعاروري، فتحي
_eمؤلف ثانوي
942 _cكتاب
999 _c43122
_d43122